000 00522nam a2200217Ia 4500
003 OSt
005 20250705091325.0
008 210210b2003 xxu||||| |||| 00| 0 eng d
020 _a81 7671 014 8
040 _cAL
041 _aeng
082 _a541.369 GLAT
100 _aSamuel Glasstone
_9210833
245 _aThermodynamics for chemists
260 _aND
_bEWP
_c2003
300 _aviii,522p
650 _aThermodynamics
_9210834
690 _aPhysical Chemistry
_9210835
906 _a059228
942 _2ddc
_cBK
999 _c106495
_d106495